00757 2200241 4500001002100000005001500021035002000036007000300056008004100059100002500100245014000125250001000265300001800275020001800293082001100311084001800322260003200340500009500372600002100467990000900488990000900497990000900506INLIS00000000000753920251217063727 a0010-1221000037ta211201 g 0 ind 0 aNUR'AISYAH ALBANTANY1 aPANDUAN PRAKTIS MENIKAH UNTUK WANITA MENURUT AL-QUR;AN DAN AS-SUNNAH :bWajib diaca kaum wanita sebelum menikah /cNUR'AISYAH ALBANTANY acet.1 a120cm ;c22cm a602-1639-19-7 a297.43 a297.43 NUR p aTangerang :bseaolva,c2014 aDalam islam ada banyak sekali aturan yang harus diketahui ketika akan melakukan pernikahan 4aAhli Bibliografi a4496 a4497 a4498